BMW desde dentro: las claves de la empresa automovilística más admirada
Gespeichert in:
| 1. Verfasser: | |
|---|---|
| Format: | Buch |
| Sprache: | Spanisch |
| Veröffentlicht: |
Barcelona
Deusto
2007
|
| Schriftenreihe: | Grandes Casos Empresariales
|
| Schlagworte: | |
| Tags: |
Tag hinzufügen
Keine Tags, Fügen Sie den ersten Tag hinzu!
|
MARC
| LEADER | 00000nam a2200000 a 4500 | ||
|---|---|---|---|
| 001 | UCG0659 | ||
| 003 | CL-VaPUC | ||
| 008 | 100401e20070000SP |||||||||||||||||spa|d | ||
| 020 | |a 8423424774 | ||
| 082 | 0 | 4 | |a 658.8101 |b KIL |2 21 |
| 100 | 0 | |a Kiley, David |e author |9 548132 | |
| 245 | 1 | 0 | |a BMW desde dentro: las claves de la empresa automovilística más admirada |
| 300 | |a 355 p | ||
| 942 | |c BK | ||
| 945 | |d 20100401 00:00:00 |a rbrito | ||
| 260 | |a Barcelona |b Deusto |c 2007 | ||
| 600 | 0 | 7 | |a BMW |2 CL-VaPUC |9 548133 |
| 650 | 7 | |a EXITOS EN LOS NEGOCIOS |2 CL-VaPUC |9 548134 | |
| 650 | 0 | |a Planificación estratégica |9 259735 | |
| 650 | 0 | |a Administración industrial |9 259466 | |
| 650 | 0 | |a Cambio organizacional |9 260741 | |
| 650 | 7 | |a INDUSTRIA AUTOMOTRIZ |2 CL-VaPUC |9 263734 | |
| 583 | |a last modification |c 20130325 06:24:52 |k Rodrigo Vera | ||
| 490 | 0 | |a Grandes Casos Empresariales | |
| 999 | |c 340218 |d 340216 | ||
| 952 | |0 0 |1 0 |4 0 |6 658_810100000000000_KIL_2007 |7 0 |8 A |9 434769 |a BIBGIM |b BIBGIM |d 2019-11-22 |i 4655788 |o 658.8101 KIL 2007 |p 4655788 |r 2025-01-15 |w 2019-11-22 |y BK |k COM | ||
| 952 | |0 0 |1 0 |4 0 |6 658_810100000000000_KIL_2007 |7 0 |8 A |9 434770 |a BIBCUR |b BIBCUR |d 2019-11-22 |i 4683021 |o 658.8101 KIL 2007 |p 4683021 |r 2025-04-22 |w 2019-11-22 |y BK |k PER | ||